=LDR 00000nam 2200000 4500 =001 INLIS000000000001029 =005 20130612085438 =008 ***********************************Ind** =035 ##$$0010-061300000001029 =041 ##$$a Ind =082 ##$$a 028.5 =090 ##$$a 028.5, Arr-s =100 ##$$a ARROISI, Arman =245 ##$$a Sunan Maulana Malik Ibrahim, Pendekar dakwah dari pesantren, Arman Arroisi =260 ##$$a 1997 $b BAndung =300 ##$$a vii, 28 hlm, ilus, 28 =650 ##$$a Bacaan Kanak-kanak =850 ##$$a NBPNMAT